[Event "Ì13Ï"]
[Site "Loo"]
[Date "2017.04.22"]
[Round "3.4"]
[White "Ãàáèòîâ, Áóëàò."]
[Black "Êóïðèí, Àëåêñàíäð."]
[Result "1-0"]
[WhiteElo "1790"]
[BlackElo "1599"]
[PlyCount "59"]
[EventDate "2017.04.20"]

1. d4 d6 2. Nf3 g6 3. c4 Bg7 4. Nc3 Nf6 5. e4 O-O 6. h3 Nbd7 7. Be3 c5 8. d5 a6
9. a4 Qa5 10. Bd3 Ne8 11. Qc2 Ne5 12. Nxe5 Bxe5 13. O-O Bd7 14. Bh6 Bg7 15.
Bxg7 Nxg7 16. f4 Qc7 17. Rae1 b5 18. axb5 axb5 19. Nxb5 Bxb5 20. cxb5 Qb6 21.
Kh1 Rfc8 22. Qf2 Ra4 23. f5 gxf5 24. exf5 Rd4 25. f6 exf6 26. Qxf6 Qd8 27.
Qxf7+ Kh8 28. Bxh7 Kxh7 29. Re7 Qg8 30. Qh5# 1-0

[Event "Ì13Ï"]
[Site "Loo"]
[Date "2017.04.22"]
[Round "3.5"]
[White "Òðóõèí, Äìèòðèé."]
[Black "Ùåòêèí, Êèðèëë."]
[Result "0-1"]
[WhiteElo "1773"]
[BlackElo "1594"]
[PlyCount "74"]
[EventDate "2017.04.20"]

1. d4 Nf6 2. c4 e6 3. Nc3 d5 4. cxd5 exd5 5. Bg5 Be7 6. e3 O-O 7. Bd3 b6 8. Qc2
g6 9. Nf3 Bb7 10. h4 Nbd7 11. Rg1 Re8 12. g4 Ne4 13. Bxe7 Qxe7 14. h5 c5 15.
O-O-O cxd4 16. exd4 Rec8 17. Bxe4 dxe4 18. Nd2 b5 19. Qb3 b4 20. Nf1 bxc3 21.
Qxb7 cxb2+ 22. Kb1 Qa3 23. Ne3 Rab8 24. Nc2 Rxc2 25. Qxb8+ Nxb8 26. Kxc2 Qxa2
27. Rb1 Qc4+ 28. Kxb2 Qxd4+ 29. Ka3 Qc5+ 30. Ka4 Nd7 31. h6 Qc4+ 32. Ka3 Qc5+
33. Ka2 Qxf2+ 34. Ka1 Qd4+ 35. Ka2 Qd2+ 36. Rb2 Qxh6 37. g5 Qh3 {
äàëåå çàïèñü íåðàçáîð~~èâà} 0-1

[Event "Ì13Ï"]
[Site "Loo"]
[Date "2017.04.22"]
[Round "3.6"]
[White "Õàíæèí, Òèìóð."]
[Black "Äóíàåâ, Äåíèñ."]
[Result "0-1"]
[WhiteElo "1751"]
[BlackElo "1562"]
[PlyCount "42"]
[EventDate "2017.04.20"]

1. Nf3 d5 2. c4 d4 3. d3 Nc6 4. g3 e5 5. Bg2 Nf6 6. O-O h6 7. b3 Bc5 8. Bb2 O-O
9. a3 a5 10. Re1 Bf5 11. Nbd2 Re8 12. Nh4 Bh7 13. Ne4 Be7 14. Nxf6+ Bxf6 15.
Nf3 e4 16. dxe4 Bxe4 17. Qd2 d3 18. Bxf6 Qxf6 19. Nh4 Bxg2 20. Nxg2 dxe2 21.
Ra2 Nd4 0-1

[Event "Ì13Ï"]
[Site "Loo"]
[Date "2017.04.22"]
[Round "3.7"]
[White "Äîáøèíîâ, Âëàä."]
[Black "Ïðóöêîâ, Àëåêñåé."]
[Result "1-0"]
[WhiteElo "1602"]
[BlackElo "1727"]
[PlyCount "115"]
[EventDate "2017.04.20"]

1. e4 c5 2. Nf3 d6 3. d4 cxd4 4. Nxd4 Nf6 5. Nc3 a6 6. Be2 e6 7. O-O Nbd7 8. a4
b6 9. f4 Bb7 10. Bf3 Qc7 11. Re1 h5 12. e5 dxe5 13. fxe5 Ng4 14. Bf4 Bc5 15.
Bxb7 Qxb7 16. h3 g5 17. Bh2 Nh6 18. Ne4 g4 19. Nxc5 bxc5 20. Ne2 gxh3 21. Nf4
Rg8 22. Qd2 Nf5 23. Nxh3 Nh4 24. Ng5 O-O-O 25. Bg3 Nf5 26. Bf4 Nxe5 27. Qf2 Nd7
28. b4 f6 29. Nxe6 Rde8 30. Nxc5 Qd5 31. Red1 Qc4 32. Rxd7 Re2 33. Rc7+ Kd8 34.
Rd1+ Ke8 35. Rc8+ Kf7 36. Rd7+ Ne7 37. Rxe7+ Kxe7 38. Rxg8 Rxf2 39. Kxf2 Qxg8
40. Ne4 Qc4 41. Kf3 Qxc2 42. a5 Qd3+ 43. Be3 Qd1+ 44. Kf2 Qc2+ 45. Kf3 Qd1+ 46.
Kf2 Qc2+ 47. Kf3 Qc6 48. Bc5+ Kf7 49. Kf4 Kg6 50. g3 f5 51. Nd2 Qc7+ 52. Kf3
Qe5 53. Kf2 Kg5 54. Nf3+ Kf6 55. Nxe5 Kxe5 56. Kf3 Kf6 57. Kf4 Kg6 58. b5 1-0

[Event "Ì13Ï"]
[Site "Loo"]
[Date "2017.04.22"]
[Round "3.8"]
[White "Êóøíàðåíêî, Åãîð."]
[Black "Ãåðàñèìîâ, Âàäèì."]
[Result "1-0"]
[WhiteElo "1572"]
[BlackElo "1717"]
[PlyCount "89"]
[EventDate "2017.04.20"]

1. e4 c5 2. Nc3 Nc6 3. g3 g6 4. Bg2 Bg7 5. d3 d6 6. Be3 e5 7. Qd2 Nge7 8. Bh6
Bxh6 9. Qxh6 Nd4 10. Qd2 Be6 11. Nd1 O-O 12. c3 Ndc6 13. Ne2 d5 14. Qc2 d4 15.
c4 Rb8 16. b3 a6 17. O-O Qa5 18. a3 b5 19. Nb2 Qb6 20. Rfb1 Rb7 21. cxb5 axb5
22. a4 Ra8 23. Nc1 Rba7 24. f4 Nb4 25. Qd2 Nec6 26. h3 Qc7 27. Kh1 Ra5 28. Ra3
R8a7 29. Ne2 bxa4 30. bxa4 Nb8 31. g4 Bd7 32. Rba1 f6 33. fxe5 fxe5 34. Nc1 Bc6
35. Nb3 R5a6 36. Nxc5 Rb6 37. Nc4 Nd7 38. Nxd7 Bxd7 39. Nxb6 Qxb6 40. Rb1 Qf6
41. g5 Qf7 42. Qxb4 Bxh3 43. Qb8+ Qf8 44. Qxf8+ Kxf8 45. Bxh3 1-0

[Event "Ì13Ï"]
[Site "Loo"]
[Date "2017.04.22"]
[Round "3.9"]
[White "Ìàêèíÿí, Ðóáåí."]
[Black "Çóåâ, Àëåêñàíäð."]
[Result "1-0"]
[WhiteElo "1713"]
[BlackElo "1559"]
[PlyCount "113"]
[EventDate "2017.04.20"]

1. e4 c5 2. c3 d5 3. exd5 Qxd5 4. d4 e6 5. Nf3 Nf6 6. Be2 Nc6 7. O-O b6 8. Na3
Bb7 9. Nb5 Rc8 10. Bf4 Qd8 11. dxc5 Bxc5 12. Bd6 Ne4 13. Bxc5 bxc5 14. Qa4 a6
15. Qxe4 axb5 16. Bxb5 O-O 17. Bd3 g6 18. Rad1 Qe7 19. Qh4 f6 20. Rfe1 Kg7 21.
Bc4 e5 22. Qh3 f5 23. Ng5 Kh8 24. Ne6 Rf6 25. Nf4 Rd6 26. Nd5 Qd7 27. Qe3 Rd8
28. Qxc5 Ne7 29. Ne3 Nd5 30. Nxd5 Bxd5 31. Bxd5 Rxd5 32. Rxd5 Qxd5 33. Qxd5
Rxd5 34. c4 Rd2 35. b4 Rxa2 36. Rb1 Rc2 37. c5 Kg7 38. g3 e4 39. Rb3 Kf6 40.
Kf1 Ke6 41. Ke1 Kd5 42. Kd1 Rxf2 43. b5 Ra2 44. c6 Ra8 45. c7 Kd6 46. b6 e3 47.
b7 e2+ 48. Kxe2 Re8+ 49. Kf3 Kxc7 50. Kf4 Rb8 51. Kg5 Rxb7 52. Rxb7+ Kxb7 53.
Kh6 Kc6 54. h4 Kd7 55. Kxh7 Ke7 56. Kxg6 Kf8 57. Kxf5 1-0

[Event "Ì13Ï"]
[Site "Loo"]
[Date "2017.04.22"]
[Round "3.10"]
[White "Ãîôìàí, Ëåâ."]
[Black "Ñîáàøíèêîâ, Èâàí."]
[Result "1/2-1/2"]
[WhiteElo "1528"]
[BlackElo "1695"]
[PlyCount "51"]
[EventDate "2017.04.20"]

1. e4 e6 2. d4 d5 3. exd5 exd5 4. c4 Nf6 5. Nc3 Nc6 6. Nf3 Be7 7. c5 O-O 8. Be2
Bg4 9. O-O b6 10. h3 Bh5 11. g4 Bg6 12. Ne5 Nxe5 13. dxe5 Ne4 14. Nxd5 Bxc5 15.
b4 Be7 16. Bf4 c6 17. Nxe7+ Qxe7 18. Qb3 c5 19. f3 Ng5 20. Bxg5 Qxe5 21. Rae1
Qg3+ 22. Kh1 Qxh3+ 23. Kg1 Qg3+ 24. Kh1 Qh3+ 25. Kg1 Qg3+ 26. Kh1 1/2-1/2

[Event "Ì13Ï"]
[Site "Loo"]
[Date "2017.04.22"]
[Round "3.11"]
[White "Õàñàíîâ, Óðàë."]
[Black "Äðó÷åíêî, Ìèõàèë."]
[Result "1-0"]
[WhiteElo "1431"]
[BlackElo "1692"]
[PlyCount "35"]
[EventDate "2017.04.20"]

1. e4 e5 2. Nf3 Nc6 3. Nc3 Nf6 4. Bb5 Bb4 5. d3 d6 6. O-O O-O 7. Bg5 Bxc3 8.
bxc3 Ne7 9. Nh4 Be6 10. Bxf6 gxf6 11. f4 c6 12. Bc4 d5 13. Bb3 Ng6 14. f5 Nxh4
15. Qg4+ Kh8 16. Qxh4 Bc8 17. Rf3 b6 18. Rh3 1-0

[Event "Ì13Ï"]
[Site "Loo"]
[Date "2017.04.22"]
[Round "3.12"]
[White "Ïåòðóøèí, Äìèòðèé."]
[Black "Ïåòðîâ, Ìàêñèì."]
[Result "1-0"]
[WhiteElo "1721"]
[BlackElo "1359"]
[PlyCount "45"]
[EventDate "2017.04.20"]

1. e4 c5 2. Nc3 e6 3. g3 d5 4. exd5 exd5 5. Bg2 Nf6 6. d3 Be7 7. Bf4 O-O 8. Nf3
Re8 9. O-O Bd6 10. Bg5 Be7 11. Re1 Be6 12. Bf4 a6 13. Ng5 Bd7 14. Nxd5 Nxd5 15.
Nxf7 Qb6 16. Bxd5 Bc6 17. Bb3 c4 18. Bxc4 Bb5 19. Bb3 Nd7 20. Ng5+ Kh8 21. Qh5
Nf6 22. Nf7+ Kg8 23. Ne5+ 1-0

[Event "Ì13Ï"]
[Site "Loo"]
[Date "2017.04.22"]
[Round "3.13"]
[White "Õóñíóëãàòèí, Àðòåì."]
[Black "Îñèïîâ, Àëåêñàíäð."]
[Result "0-1"]
[WhiteElo "1592"]
[BlackElo "1855"]
[PlyCount "110"]
[EventDate "2017.04.20"]

1. e4 e6 2. d4 d5 3. exd5 exd5 4. Nf3 Bd6 5. Be2 Nf6 6. O-O O-O 7. c4 c6 8. Nc3
h6 9. h3 Bf5 10. Qb3 b6 11. Kh1 dxc4 12. Bxc4 Nbd7 13. Be3 Ne4 14. Rad1 Ndf6
15. Rfe1 Nxc3 16. bxc3 Qc7 17. Qb2 Rfe8 18. Bd3 Bxd3 19. Rxd3 Qd7 20. Red1 Qf5
21. Kg1 Nd5 22. c4 Nf4 23. Bxf4 Qxf4 24. d5 c5 25. Qc3 Re2 26. R1d2 Rae8 27.
Rxe2 Rxe2 28. a3 Qe4 29. Kf1 Ra2 30. Re3 Qf5 31. Qe1 b5 32. Qc1 Rc2 33. Qd1
Rxc4 34. Re8+ Kh7 35. Rd8 Bf4 36. Qe2 Rc1+ 37. Ne1 Bc7 38. Re8 Qxd5 39. Qxb5
Ra1 40. a4 Be5 41. Re7 Bc3 42. Re2 Qd4 43. Qb3 Qd3 44. Qxc3 Qxc3 45. Re3 Qc4+
46. Kg1 Qd4 47. Kf1 c4 48. g3 c3 49. Rxc3 Qxc3 50. Kg2 Rxe1 51. h4 Qc6+ 52. f3
Re2+ 53. Kh3 Qxf3 54. a5 Qf5+ 55. g4 Qf3# 0-1

[Event "Ì13Ï"]
[Site "Loo"]
[Date "2017.04.22"]
[Round "3.14"]
[White "Ñìîëèí, Àëåêñåé."]
[Black "Êàðàïåòÿí, Âàãðàì."]
[Result "1/2-1/2"]
[WhiteElo "1815"]
[BlackElo "1589"]
[PlyCount "102"]
[EventDate "2017.04.20"]

1. e4 c5 2. Nf3 Nc6 3. d4 cxd4 4. Nxd4 Qc7 5. Be3 e6 6. Bd3 Nf6 7. O-O Be7 8.
Nd2 O-O 9. c3 d5 10. f4 Rd8 11. e5 Nd7 12. N2f3 a6 13. Ng5 Bxg5 14. Nxc6 bxc6
15. fxg5 Nxe5 16. Bc2 Ng6 17. h4 e5 18. h5 Nf8 19. Bc5 e4 20. a4 Ne6 21. Be3 c5
22. Qe2 Rb8 23. Bc1 Qg3 24. Qf2 Qxf2+ 25. Rxf2 Bb7 26. Bf4 Nxf4 27. Rxf4 Bc6
28. b3 Re8 29. Re1 Re7 30. Kf2 a5 31. Ke3 Rd8 32. Rd1 Red7 33. Kf2 Re8 34. Re1
Rde7 35. Ke3 Re5 36. g4 Rxg5 37. Ref1 f6 38. h6 Rg6 39. hxg7 Kxg7 40. g5 Rf8
41. gxf6+ Rgxf6 42. Rg4+ Kh8 43. Rfg1 Rf2 44. Bd1 Rf1 45. Be2 Rxg1 46. Rxg1 Rg8
47. Rf1 Rg3+ 48. Kd2 Kg7 49. Rf5 Rg2 50. Re5 Kf6 51. Rh5 Kg7 1/2-1/2

[Event "Ì13Ï"]
[Site "Loo"]
[Date "2017.04.22"]
[Round "3.15"]
[White "Ãàëêèí, Ëåîíèä."]
[Black "Ðÿáîâ, Ãåîðãèé."]
[Result "0-1"]
[WhiteElo "1525"]
[BlackElo "1700"]
[PlyCount "70"]
[EventDate "2017.04.20"]

1. e4 c5 2. Nc3 e6 3. f4 Nc6 4. Nf3 g6 5. Bc4 Bg7 6. f5 gxf5 7. exf5 d5 8. Bb5
exf5 9. d4 c4 10. O-O Nge7 11. Re1 O-O 12. Bg5 f6 13. Bf4 Nb8 14. Rxe7 Qxe7 15.
Nxd5 Qe4 16. Bxc4 Be6 17. Nc3 Qxf4 18. Bxe6+ Kh8 19. Qd3 Nc6 20. Bxf5 Nb4 21.
Qe4 Qxe4 22. Bxe4 f5 23. Bd3 Nxd3 24. cxd3 Rad8 25. Nb5 a6 26. Nc7 Rd6 27. Re1
Rc8 28. Ne6 Re8 29. Nfg5 Bxd4+ 30. Kf1 Kg8 31. Nxd4 Rxe1+ 32. Kxe1 Rxd4 33. Ke2
Rg4 34. Nh3 Rxg2+ 35. Nf2 Rxh2 0-1

[Event "Ì13Ï"]
[Site "Loo"]
[Date "2017.04.22"]
[Round "3.16"]
[White "Àðáóçîâ, Òèìîôåé."]
[Black "Øàëèìî, Åâãåíèé."]
[Result "0-1"]
[WhiteElo "1694"]
[BlackElo "1557"]
[PlyCount "44"]
[EventDate "2017.04.20"]

1. d4 Nf6 2. g3 g6 3. Bg2 d5 4. Nf3 Bg7 5. O-O O-O 6. c4 c5 7. Nc3 dxc4 8. dxc5
Qa5 9. Be3 Ng4 10. Nd5 Nc6 11. Qc1 Nxe3 12. Nxe3 Qxc5 13. Qxc4 Qxc4 14. Nxc4
Be6 15. Ncd2 Bxb2 16. Rab1 Bf6 17. Rxb7 Rab8 18. Rc7 Rfc8 19. Rxc8+ Rxc8 20.
Rc1 Bxa2 21. Ne1 Rd8 22. Rc2 Nb4 0-1

[Event "Ì13Ï"]
[Site "Loo"]
[Date "2017.04.22"]
[Round "3.17"]
[White "Îãîðîäíèêîâ, Íèêîëàé."]
[Black "Äåðåâùèêîâ, Íèêèòà."]
[Result "0-1"]
[WhiteElo "1672"]
[BlackElo "1523"]
[PlyCount "126"]
[EventDate "2017.04.20"]

1. c4 Nf6 2. Nc3 g6 3. e4 Bg7 4. g3 O-O 5. Bg2 d6 6. Nge2 c5 7. O-O Nc6 8. d3
a6 9. f4 Rb8 10. a4 Bd7 11. h3 Ne8 12. f5 Nc7 13. g4 b5 14. axb5 axb5 15. cxb5
Nxb5 16. g5 Nbd4 17. Ng3 Nb3 18. Rb1 Nxc1 19. Qxc1 Ne5 20. Qd2 Bc6 21. Kh2 Nd7
22. Qf4 Rb4 23. Qd2 Ne5 24. Nge2 Nd7 25. Nf4 Be5 26. Kh1 Rd4 27. Nce2 Rb4 28.
Nc3 Rd4 29. fxg6 hxg6 30. Nce2 Rb4 31. Nc3 Kg7 32. Qf2 Nb6 33. Qh4 Rh8 34. Qf2
Qe8 35. Qf3 Na4 36. Nxa4 Rxa4 37. Rf2 Bd4 38. Rc2 Rb4 39. Ne2 Be5 40. Nc3 Bd7
41. Nd5 Rb7 42. Rf1 Rxb2 43. Rxb2 Bxb2 44. Nc7 Qf8 45. Nd5 Be5 46. Nb6 Be6 47.
Nd5 Qd8 48. Nf4 Bxf4 49. Qxf4 Qa5 50. e5 d5 51. Kh2 Qc3 52. Qe3 Qc2 53. Rf2 Qc3
54. Rf1 Qb4 55. Rf2 Qb5 56. Rc2 c4 57. dxc4 dxc4 58. Qc3 Qb1 59. Rf2 Qd1 60.
Rf1 Qe2 61. Qf3 Rxh3+ 62. Qxh3 Bxh3 63. Kxh3 Qxe5 0-1

[Event "Ì13Ï"]
[Site "Loo"]
[Date "2017.04.22"]
[Round "3.18"]
[White "Ðåâà, Ëåâ."]
[Black "Íèêîëàåâ, Ìàòâåé."]
[Result "0-1"]
[WhiteElo "1558"]
[BlackElo "1664"]
[PlyCount "148"]
[EventDate "2017.04.20"]

1. Nf3 Nf6 2. d4 g6 3. c4 Bg7 4. Nc3 d6 5. Bf4 O-O 6. e3 c5 7. Be2 Nc6 8. d5
Nb8 9. Qb3 Na6 10. h3 Qa5 11. Nd2 Bd7 12. O-O Rab8 13. a3 Nc7 14. Qc2 b5 15. b4
cxb4 16. axb4 Qxb4 17. Rxa7 Qc5 18. Ra2 b4 19. Nb3 Qb6 20. Na4 Bxa4 21. Rxa4
Rfc8 22. Qd3 Na6 23. Rfa1 Nc5 24. Nxc5 Qxc5 25. Ra5 Qb6 26. Ra6 Qd8 27. Rb1 Nd7
28. Qd2 Nc5 29. Rc6 Rxc6 30. dxc6 Ne4 31. Qe1 Nc3 32. Rb3 Nxe2+ 33. Qxe2 Qb6
34. Qf3 Rc8 35. Qd5 Qc5 36. Bg5 e6 37. Qxc5 dxc5 38. Kf1 Rxc6 39. Rd3 h6 40.
Rd8+ Kh7 41. Be7 g5 42. Rb8 Be5 43. Rb5 Bd6 44. Bxd6 Rxd6 45. Rxc5 Rb6 46. Ra5
Rc6 47. c5 b3 48. Rb5 b2 49. Rxb2 Rxc5 50. Rb7 Kg6 51. Ke2 e5 52. e4 h5 53.
Rb6+ f6 54. g4 h4 55. Rd6 Kf7 56. Rd5 Rc2+ 57. Rd2 Rc3 58. Rd3 Rc4 59. Kf3 Ke6
60. Ke3 Rc1 61. Kf3 Rh1 62. Kg2 Re1 63. Kf3 Ke7 64. Rd2 Rh1 65. Kg2 Ra1 66. Rd3
Ra4 67. Kf3 Ke6 68. Ke3 Rb4 69. Kf3 Rd4 70. Rxd4 exd4 71. Ke2 Kd6 72. Kd3 Ke5
73. f3 Kf4 74. Kxd4 Kg3 0-1

[Event "Ì13Ï"]
[Site "Loo"]
[Date "2017.04.22"]
[Round "3.19"]
[White "Áåëîâ, Äàíèëà."]
[Black "Âàñèëü÷åíêî, Âàäèì."]
[Result "0-1"]
[WhiteElo "1518"]
[BlackElo "1654"]
[PlyCount "84"]
[EventDate "2017.04.20"]

1. e4 c5 2. Nf3 Nc6 3. d4 cxd4 4. Nxd4 g6 5. Nc3 Bg7 6. Be3 d6 7. f3 Nf6 8. Qd2
Bd7 9. g4 a5 10. h4 Rc8 11. Qf2 Ne5 12. Ndb5 Nc4 13. Bxc4 Rxc4 14. Bb6 Qc8 15.
Bxa5 Bxb5 16. Nxb5 Rxc2 17. Nc7+ Rxc7 18. Bxc7 Qxc7 19. O-O O-O 20. Rac1 Qd7
21. Qg2 Rc8 22. Qe2 Rc6 23. Rcd1 Qc7 24. b3 Nd7 25. f4 Rc3 26. Rd3 Qc5+ 27. Kg2
Qb5 28. Rff3 Nc5 29. Rd2 Qb4 30. e5 Ne6 31. exd6 exd6 32. Kf2 Rxf3+ 33. Kxf3
Nd4+ 34. Rxd4 Qxd4 35. Qe8+ Bf8 36. h5 gxh5 37. gxh5 Qd5+ 38. Kg3 Qxh5 39. Qb8
Qd5 40. Kg4 h5+ 41. Kh4 Qf3 42. Qc8 Kg7 0-1

[Event "Ì13Ï"]
[Site "Loo"]
[Date "2017.04.22"]
[Round "3.20"]
[White "Øâåòêî, Ðîìàí."]
[Black "Òàòàðöåâ, Àëåêñàíäð."]
[Result "1-0"]
[WhiteElo "1614"]
[BlackElo "1346"]
[PlyCount "103"]
[EventDate "2017.04.20"]

1. c4 Nf6 2. Nc3 g6 3. d4 Bg7 4. Nf3 d6 5. e3 Nbd7 6. Bd3 O-O 7. O-O e5 8. d5
Nh5 9. e4 f5 10. Bg5 Bf6 11. Bxf6 Ndxf6 12. Qc2 f4 13. h3 h6 14. Qe2 g5 15. Nh2
Kh8 16. Qd1 Rg8 17. Be2 Ng7 18. Ng4 Nxg4 19. Bxg4 Bxg4 20. Qxg4 h5 21. Qf3 a6
22. g4 hxg4 23. hxg4 Rf8 24. Kg2 Kg8 25. Rh1 Kf7 26. Rh2 Rh8 27. Rxh8 Qxh8 28.
Rh1 Qd8 29. Rh7 Qf6 30. Qh3 Rg8 31. f3 Ke7 32. Ne2 Kf8 33. Ng1 Ke8 34. Rh8 Kf7
35. Rh6 Qe7 36. Rh7 Qf6 37. Qh5+ Qg6 38. Nh3 Kf6 39. Qh6 c6 40. Rh8 Rxh8 41.
Qxh8 Qf7 42. Qd8+ Kg6 43. Qxg5+ Kh7 44. Qd8 Qg6 45. Qh4+ Kg8 46. Qg5 Qe8 47.
Qf6 Qd7 48. Ng5 Ne8 49. Qg6+ Qg7 50. Qxe8+ Qf8 51. Qxf8+ Kxf8 52. Kh3 1-0

[Event "Ì13Ï"]
[Site "Loo"]
[Date "2017.04.22"]
[Round "3.21"]
[White "Øåìàõàíîâ, Äàíèëà."]
[Black "Íàäðøèí, Òèìóð."]
[Result "0-1"]
[WhiteElo "1522"]
[BlackElo "1605"]
[PlyCount "86"]
[EventDate "2017.04.20"]

1. e4 c5 2. Ne2 e6 3. g3 Nc6 4. Bg2 d6 5. O-O g6 6. c3 Nge7 7. d4 cxd4 8. cxd4
d5 9. exd5 Nxd5 10. Nbc3 Nxc3 11. bxc3 Bg7 12. Ba3 Ne7 13. Rb1 Rb8 14. Qa4+ Bd7
15. Bxe7 Bxa4 16. Bxd8 Kxd8 17. Rb4 b5 18. Rfb1 Kc7 19. c4 a5 20. R4b2 b4 21.
Rd2 Rhd8 22. f4 b3 23. axb3 Rxb3 24. Rxb3 Bxb3 25. Kf2 a4 26. Rd3 Rb8 27. c5 a3
28. Nc1 a2 29. Nxa2 Bxa2 30. Rd2 Rb2 31. Rxb2 Bxd4+ 32. Kf3 Bxb2 33. Kg4 Bf6
34. h4 h5+ 35. Kh3 Bd5 36. Bf1 Kc6 37. g4 Bf3 38. g5 Bd4 39. Ba6 Kxc5 40. Bc8
Bc6 41. Kg3 Kd5 42. Ba6 Ke4 43. Be2 Ke3 0-1

[Event "Ì13Ï"]
[Site "Loo"]
[Date "2017.04.22"]
[Round "3.22"]
[White "Èøóòêèí, Âëàäèñëàâ."]
[Black "Õàëèóëëèí, Àëüáåðò."]
[Result "1-0"]
[WhiteElo "1307"]
[BlackElo "1930"]
[PlyCount "163"]
[EventDate "2017.04.20"]

1. d4 c5 2. e3 Nf6 3. Bd3 g6 4. c3 Qc7 5. Nf3 Bg7 6. O-O O-O 7. b3 d5 8. Nbd2
Nbd7 9. Bb2 b6 10. h3 Bb7 11. c4 e6 12. Ne5 Ne8 13. f4 Ndf6 14. Qe2 Nd6 15.
Rfd1 Rfc8 16. Rac1 Qb8 17. Qf2 a6 18. Qe2 Qa7 19. a4 Rab8 20. g4 Ba8 21. Qf2
Qb7 22. Kh2 Rc7 23. Qe2 a5 24. Ba3 Qa7 25. g5 Nfe4 26. Bxe4 Nxe4 27. Nxe4 dxe4
28. Rd2 cxd4 29. Rxd4 Bxe5 30. fxe5 Rd7 31. Rcd1 Rbd8 32. Bd6 Bc6 33. Qf2 Qb7
34. Qh4 Qc8 35. Qh6 Re8 36. Kg3 Qd8 37. R1d2 Qc8 38. Kg4 Qd8 39. Qh4 Qc8 40.
Qe1 Rb7 41. Qd1 Qa8 42. Ba3 Rbb8 43. Rd6 Rbc8 44. R2d4 Rb8 45. h4 Rbc8 46. Kg3
Rb8 47. Rd2 Rbc8 48. h5 Qb7 49. Rh2 Qe7 50. Kf4 Qb7 51. Kg4 Qe7 52. h6 Qc7 53.
Rhd2 Qb7 54. Qf1 f5+ 55. gxf6 Kf7 56. Kg5 Rc7 57. Qd1 Qa7 58. Rxc6 Rb7 59. Rcd6
Kg8 60. Rd7 Qb8 61. Rxb7 Qxe5+ 62. Kg4 Qh5+ 63. Kg3 Qg5+ 64. Kh2 Qxh6+ 65. Kg2
Qg5+ 66. Kf1 Qxf6+ 67. Rf2 Qh4 68. Rff7 Qh3+ 69. Ke2 Qg2+ 70. Ke1 Qg1+ 71. Kd2
Rd8+ 72. Rbd7 Rxd7+ 73. Rxd7 Qh2+ 74. Qe2 Qb8 75. Kc2 b5 76. axb5 a4 77. bxa4
Qa8 78. Kb3 Qb8 79. Re7 Qd8 80. Qc2 g5 81. Qc3 Qf8 82. Rxh7 1-0

[Event "Ì13Ï"]
[Site "Loo"]
[Date "2017.04.22"]
[Round "3.23"]
[White "Ïîçäååâ, Àëåêñåé."]
[Black "Êîíüêîâ, Ìèõàèë."]
[Result "1-0"]
[WhiteElo "1833"]
[BlackElo "1497"]
[PlyCount "59"]
[EventDate "2017.04.20"]

1. d4 d5 2. Nf3 Nf6 3. c4 e6 4. Nc3 Be7 5. Bg5 h6 6. Bh4 b6 7. cxd5 exd5 8. e3
Bb7 9. Bd3 Nbd7 10. O-O O-O 11. a3 c5 12. Rc1 Rc8 13. h3 Ne4 14. Bxe7 Qxe7 15.
Bb5 f6 16. Nh4 Qe6 17. Ng6 Rfe8 18. Nf4 Qf7 19. Nxe4 Rxe4 20. Bd3 g5 21. Bxe4
gxf4 22. Bf5 fxe3 23. Qg4+ Kh8 24. Bxd7 f5 25. Qxf5 Qxf5 26. Bxf5 e2 27. Rfe1
Re8 28. Bd3 cxd4 29. Rxe2 Rxe2 30. Bxe2 1-0

[Event "Ì13Ï"]
[Site "Loo"]
[Date "2017.04.22"]
[Round "3.24"]
[White "Íóäèí, Âëàäèñëàâ."]
[Black "Öûðåíäàøèåâ, Áàòî."]
[Result "0-1"]
[WhiteElo "1493"]
[BlackElo "1810"]
[PlyCount "94"]
[EventDate "2017.04.20"]

1. e4 c5 2. c3 Nf6 3. e5 Nd5 4. d4 cxd4 5. cxd4 d6 6. exd6 Qxd6 7. Nc3 g6 8.
Nf3 Bg7 9. h3 O-O 10. Bc4 Nxc3 11. bxc3 Be6 12. Bxe6 Qxe6+ 13. Qe2 Qc6 14. Bd2
Nd7 15. O-O e6 16. Rab1 Nb6 17. Qb5 Rac8 18. Qxc6 Rxc6 19. Rfc1 Rd8 20. Be3 Rd7
21. Ne5 Bxe5 22. dxe5 Nd5 23. Bd4 b6 24. Kf1 Rdc7 25. Rb3 Rc4 26. Be3 Nxe3+ 27.
fxe3 Re4 28. Ke2 Rxe5 29. c4 Kf8 30. Kd3 Rd7+ 31. Ke2 Rg5 32. g4 Ra5 33. a3 Ke7
34. Kf3 Rd2 35. Rcc3 Rc5 36. Rb5 Kd6 37. Kf4 f6 38. e4 Rd4 39. Rb4 Kc6 40. h4
a5 41. Ra4 Re5 42. Re3 h6 43. Re2 Kc5 44. Re1 Rd3 45. Re3 Rxe3 46. Kxe3 f5 47.
gxf5 exf5 0-1

[Event "Ì13Ï"]
[Site "Loo"]
[Date "2017.04.22"]
[Round "3.25"]
[White "Ìèõååâ, Àëåêñàíäð."]
[Black "×óêëèí, Èâàí."]
[Result "1-0"]
[WhiteElo "1500"]
[BlackElo "1791"]
[PlyCount "77"]
[EventDate "2017.04.20"]

1. d4 Nf6 2. c4 g6 3. Nf3 Bg7 4. g3 O-O 5. Bg2 c5 6. d5 d6 7. Nc3 Nbd7 8. h3
Ne8 9. O-O Nc7 10. Qc2 a6 11. a4 b6 12. e4 Ne5 13. Nxe5 Bxe5 14. Bh6 Bg7 15.
Bxg7 Kxg7 16. f4 f5 17. e5 Bb7 18. e6 Ne8 19. g4 Kh8 20. Ne2 Ng7 21. Qc3 h6 22.
gxf5 gxf5 23. Ng3 Kh7 24. Kh2 Qe8 25. Bf3 Rf6 26. Qb3 Rb8 27. Rg1 Rf8 28. Rg2
Rg8 29. Qd3 Qf8 30. Rag1 Qf6 31. Nf1 Rbf8 32. Qc3 Ne8 33. Ng3 Ng7 34. Qxf6 exf6
35. Nh5 Nxh5 36. Bxh5 Rxg2+ 37. Rxg2 b5 38. b3 Rc8 39. e7 1-0

[Event "Ì13Ï"]
[Site "Loo"]
[Date "2017.04.22"]
[Round "3.26"]
[White "Ñîèí, Íèêèòà."]
[Black "Âàñèëüåâ, Èëüÿ."]
[Result "1/2-1/2"]
[WhiteElo "1491"]
[BlackElo "1779"]
[PlyCount "80"]
[EventDate "2017.04.20"]

1. e4 e6 2. d4 d5 3. e5 c5 4. c3 Nc6 5. Nf3 Qb6 6. a3 c4 7. Nbd2 f6 8. exf6
Nxf6 9. Be2 Bd6 10. O-O O-O 11. Re1 Bd7 12. Nf1 Na5 13. Ra2 Ne4 14. Be3 Qc7 15.
N3d2 Nxd2 16. Qxd2 Nb3 17. Qd1 b5 18. Bg5 Bf4 19. Bxf4 Qxf4 20. Bf3 a5 21. Ne3
Rab8 22. Ng4 Nd2 23. Ne5 Nxf3+ 24. Qxf3 Qxf3 25. Nxf3 Rf6 26. Ne5 Be8 27. Raa1
Kf8 28. h3 Ke7 29. Re3 Bd7 30. Rg3 g6 31. h4 Rf5 32. Re3 Rb6 33. f3 Rf8 34. g4
Rfb8 35. Kg2 b4 36. axb4 axb4 37. Ra7 R6b7 38. Ra6 Rb6 39. Ra7 R6b7 40. Ra6 Rb6
1/2-1/2

[Event "Ì13Ï"]
[Site "Loo"]
[Date "2017.04.22"]
[Round "3.27"]
[White "Øêóðàòîâ, Âëàäèìèð."]
[Black "Ðîãèíñêèé, Ðîäèîí."]
[Result "1-0"]
[WhiteElo "1739"]
[BlackElo "1485"]
[PlyCount "113"]
[EventDate "2017.04.20"]

1. e4 e6 2. d4 d5 3. Nc3 Bb4 4. e5 c5 5. a3 Bxc3+ 6. bxc3 b6 7. Bb5+ Bd7 8. Bd3
Ne7 9. Nf3 h6 10. O-O Nbc6 11. Be3 Nf5 12. Bxf5 cxd4 13. Bxe6 Bxe6 14. cxd4 O-O
15. Nd2 f6 16. f4 f5 17. Rc1 Na5 18. Qe2 Rc8 19. Qd3 Qc7 20. c3 Qe7 21. Ra1 Rc7
22. Rfc1 Rfc8 23. Ra2 Qd7 24. Rb2 Qe7 25. Nb1 Nc4 26. Ra2 Qe8 27. Nd2 Na5 28.
Bf2 g5 29. fxg5 hxg5 30. Rb2 Rh7 31. Nf1 Rcc7 32. Re2 f4 33. Qf3 Rcf7 34. h3
Qd7 35. Nh2 Rfg7 36. Rce1 b5 37. Ng4 Bxg4 38. Qxg4 Qe8 39. e6 Nc6 40. Qf5 Ne7
41. Qe5 g4 42. Qxf4 gxh3 43. g3 Ng6 44. Qf3 Nh4 45. Qxd5 Rh5 46. Re5 Rh6 47.
e7+ Kh7 48. Kh1 Ng6 49. Re6 Rxe7 50. Rxe7+ Nxe7 51. Qe4+ Kh8 52. Qxe7 Qc6+ 53.
Qe4 Qc8 54. Qe8+ Qxe8 55. Rxe8+ Kg7 56. Re7+ Kf6 57. Rxa7 1-0

[Event "Ì13Ï"]
[Site "Loo"]
[Date "2017.04.22"]
[Round "3.28"]
[White "Ãîðÿ÷åâ, Âëàäèñëàâ."]
[Black "Ñîëîâüåâ, Âëàäèñëàâ."]
[Result "0-1"]
[WhiteElo "1479"]
[BlackElo "1730"]
[PlyCount "76"]
[EventDate "2017.04.20"]

1. e4 c5 2. c4 Nc6 3. g3 g6 4. Nc3 Bg7 5. Nge2 e6 6. Bg2 Nge7 7. d3 O-O 8. O-O
d6 9. f4 a6 10. Be3 Nd4 11. Rb1 Nec6 12. a3 Qa5 13. Kh1 b5 14. b4 Qxa3 15. Bc1
Nxe2 16. Bxa3 Nxc3 17. Qd2 Nxb1 18. Rxb1 cxb4 19. Bxb4 Nxb4 20. Qxb4 bxc4 21.
dxc4 Rd8 22. e5 d5 23. c5 Bd7 24. Qb6 Bb5 25. Qa5 Rdc8 26. Rc1 Bf8 27. c6 Rxc6
28. Rxc6 Bxc6 29. Bf1 d4+ 30. Kg1 Be4 31. Qb6 Rc8 32. Qxa6 Rc1 33. Kf2 Bc5 34.
Bd3 Bxd3 35. Qxd3 Rc3 36. Qd2 d3+ 37. Kf1 Bb4 38. Qb2 d2 0-1

[Event "Ì13Ï"]
[Site "Loo"]
[Date "2017.04.22"]
[Round "3.29"]
[White "Øîøèí, Êèðèëë."]
[Black "Øèëÿåâ, Ìàðê."]
[Result "1-0"]
[WhiteElo "1729"]
[BlackElo "1469"]
[PlyCount "83"]
[EventDate "2017.04.20"]

1. e4 e5 2. d4 exd4 3. Qxd4 Nc6 4. Qe3 Nf6 5. Nc3 Bb4 6. Bd2 O-O 7. O-O-O Re8
8. Bc4 d6 9. f3 Be6 10. Bxe6 Rxe6 11. Qf2 Bc5 12. Be3 Bxe3+ 13. Qxe3 Qe7 14.
Qf2 Re8 15. Nge2 Qd7 16. g4 a6 17. Nf4 Re5 18. h4 Qd8 19. g5 Nd7 20. Nd3 R5e6
21. f4 Rxe4 22. Nxe4 Rxe4 23. Rhe1 Rxe1 24. Rxe1 f6 25. Qe3 Kf8 26. Qe4 fxg5
27. fxg5 g6 28. Rf1+ Kg7 29. Qc4 Nce5 30. Qc3 Kg8 31. Qb3+ Kg7 32. Nxe5 Nxe5
33. Qxb7 a5 34. Rd1 Qd7 35. Qd5 Qf5 36. Kb1 Qg4 37. Qd4 Qf3 38. a3 Kh8 39. Re1
Qg3 40. Rf1 Kg7 41. Qa7 Nf3 42. Qxc7+ 1-0